Cómputo de votos y declaratorias de elección 2006. Presidencia y vicepresidencias, diputaciones a la asamblea legislativa y regidurías municipales /
Guardado en:
| Institution som forfatter: | |
|---|---|
| Format: | Texto |
| Sprog: | Spanish |
| Fag: | |
| Tags: |
Tilføj Tag
Ingen Tags, Vær først til at tagge denne postø!
|
MARC
| LEADER | 00000 a a2200000 04500 | ||
|---|---|---|---|
| 001 | 42822 | ||
| 003 | cru CIDCACS/IIS | ||
| 005 | 20231018135306.0 | ||
| 008 | 170331b xxu||||| |||| 00| 0 spa d | ||
| 040 | |c CRAI/IIS |a CRAI/IIS | ||
| 090 | |a 04.04.02 C837c 2006 C.1 | ||
| 110 | |a Costa Rica. |b Tribunal Supremo de Elecciones | ||
| 245 | |a Cómputo de votos y declaratorias de elección 2006. |b Presidencia y vicepresidencias, diputaciones a la asamblea legislativa y regidurías municipales / |c Tribunal Supremo de Elecciones de Costa Rica | ||
| 650 | |a ELECCIONES | ||
| 650 | |a VOTACION | ||
| 650 | |a COSTA RICA | ||
| 650 | |a SISTEMAS ELECTORALES | ||
| 650 | |a PODER LEGISLATIVO | ||
| 650 | |a PODER EJECUTIVO | ||
| 650 | |a GOBIERNO LOCAL | ||
| 651 | 1 | 0 | |9 32 |a COSTA RICA |
| 773 | |g número1 (2006) | ||
| 942 | |2 z |c LI |h 04.04.02 C837c 2006 C.2 |i 03278 |6 040402_C837C_2006_C2_03278 | ||
| 999 | |c 19100 |d 19100 | ||
